|
|
|
|
| LEADER |
00000nam0a2200000 4500 |
| 001 |
220671 |
| 005 |
20231101230343.0 |
| 035 |
|
|
|a (RuTPU)RU\TPU\book\240802
|
| 035 |
|
|
|a RU\TPU\book\240799
|
| 090 |
|
|
|a 220671
|
| 100 |
|
|
|a 20120829d2008 k y0rusy50 ca
|
| 101 |
0 |
|
|a rus
|a eng
|
| 102 |
|
|
|a RU
|
| 105 |
|
|
|a y z 101zy
|
| 200 |
1 |
|
|a Студент и научно-технический прогресс. Иностранные языки: лингвистика и межкультурная коммуникация
|e материалы XLVI Международной научной студенческой конференции, г. Новосибирск, 27-30 апреля 2008 г.
|f Российская академия наук (РАН), Сибирское отделение (СО) ; Новосибирский государственный университет (НГУ)
|
| 210 |
|
|
|a Новосибирск
|c Изд-во НГУ
|d 2008
|
| 215 |
|
|
|a 97 с.
|
| 320 |
|
|
|a Библиогр. в конце докл.
|
| 606 |
1 |
|
|a Иностранные языки
|x Методика преподавания
|2 stltpush
|3 (RuTPU)RU\TPU\subj\12658
|9 39408
|
| 610 |
1 |
|
|a межкультурные коммуникации
|
| 610 |
1 |
|
|a переводы
|
| 610 |
1 |
|
|a история
|
| 610 |
1 |
|
|a лексика
|
| 610 |
1 |
|
|a фразеология
|
| 610 |
1 |
|
|a фонетика
|
| 610 |
1 |
|
|a обучение
|
| 610 |
1 |
|
|a китайский язык
|
| 610 |
1 |
|
|a английский язык
|
| 610 |
1 |
|
|a устойчивые выражения
|
| 610 |
1 |
|
|a лингвокультура
|
| 610 |
1 |
|
|a японский язык
|
| 610 |
1 |
|
|a французский язык
|
| 610 |
1 |
|
|a конференции
|
| 686 |
|
|
|a Ш12-9л0
|v LBC/SL-A
|2 rubbk
|
| 712 |
0 |
2 |
|a Российская академия наук (РАН)
|b Сибирское отделение (СО)
|c (Новосибирск)
|2 stltpush
|3 (RuTPU)RU\TPU\col\5931
|
| 712 |
0 |
2 |
|a Новосибирский государственный университет (НГУ)
|2 stltpush
|3 (RuTPU)RU\TPU\col\721
|
| 712 |
1 |
2 |
|a Студент и научно-технический прогресс
|b научная студенческая конференция
|d 46
|e Новосибирск
|f 2008
|
| 801 |
|
1 |
|a RU
|b 63413507
|c 20120828
|
| 801 |
|
2 |
|a RU
|b 63413507
|c 20120917
|g RCR
|
| 942 |
|
|
|c BK
|